000 05855njm a2200613Ia 4500
001 25708
003 IT-RoPAU
005 20220918181124.0
008 131025s9999 xx 000 0 und d
040 _aIT-RoPAU
040 _cIT-RoPAU
999 _c100013
_d100013
999 _bn.d.
100 _aAA.VV.
_9794
100 _eAutore musica
_914074
100 _gCodice autore musica SPICS: 12000
_9796
245 _aLeggendario Bix Beiderbecke (Il)
250 _a2a ed.
260 _aMILANO
260 _bRUSCONI
_c1985 [1a Ed.:]
300 _aDISCO
300 _c38 minuti (Testo: pag.)
500 _aMusica jazz. Disco fuori commercio allegato al n. 2 1985 della rivista "Musica jazz"
505 _aCopenhagen (3:00) - Riverboat Shuffle [(Richmond, Indiana, 6 maggio 1924) (3:00)] - Davenport Blues [(Richmond, 26 gennaio 1925) (3:00)] - At the Jazz Band Ball [(New York, 5 ottobre 1927) (3:00)] - In the Dark [(Chicago, 16 novembre 1935) (Stacy Jess) (2:00)] - Jazz Me Blues [(New York, 5 ottobre 1927) (4:00)] - I'm Coming Virginia [(New York, 13 maggio 1927) (4:00)] - Singin' the Blues [(New York, 4 febbraio 1927) (3:00)] - In a Mist [(New York, 9 settembre 1927) (3:00)] - For No Reason At All In C [(New York, 13 maggio 1927) (4:00)] - Crying All Day [(New York, 25 ottobre 1927) (4:00)] - Changes [(Chicago, 23 novembre 1927) (2:00)] - From Monday On [(New York, 13 febbraio 1928) (4:00)] - I'll Be a Friend With Pleasure [(New York, 8 settembre 1930) (4:00)]
511 _aWolverine Orchestra
511 _aBeiderbecke Bix: corn; Hartwell Jimmy: cl, alto; Johnson George: ten; Voynow Dick: p; Gillette Bob: bjo, chit; Leibrook Min: tuba; Moore Vic: batt; Wolverine Orchestra
511 _aBeiderbecke Bix: corn; Dorsey Tommy: trne; Murray Don: cl; Mertz Paul: p; Quicksell Frank: p; Gargano Tom: batt; Bix and his Rhythm Jugglers
511 _aBeiderbecke Bix: corn; Rank Bill: trne; Murray Don: cl; Rollini Adrian: sax; Bassosignorelli Frank: p; Morehouse Chauncey: batt; Bix Beiderbecke and his Gang
511 _aJess Stacy: p solo
511 _aBeiderbecke Bix: corn; Rank Bill: trne; Murray Don: cl; Trumbauer Frankie: sax Ryker Doc: sax; Riskin Irving: p; Lang Eddie: chit; Morehouse Chauncey: batt; Frankie Trumbauer and his Orchestra
511 _aBeiderbecke Bix: corn; Rank Bill: trne; Dorsey Jimmy: cl, alto; Trumbauer Frankie: sax; Ryker Doc: sax; Mertz Paul: p; Lang Eddie: chit; Morehouse Chauncey: batt; Frankie Trumbauer and his Orchestra
511 _aBix Beiderbecke: pianoforte solo
511 _aBeiderbecke Bix: corn, p; Trumbauer Frankie: sax; Lang Eddie: chit
511 _aBeiderbecke Bix: corn; Rank Bill: trne; Russell Pee Wee: cl, sax; Murray Don: cl, sax; Trumbauer Frankie: sax; Rollini Adrian: sax; Signorelli Frank: p; Venuti Joe: viol; Lang Eddie: chit; Morehouse Chauncey; batt; Frankie Trumbauer and his Orchestra
511 _aBusse Henry: tr; Margulis Charles: tr; Beiderbecke Bix: corn; Hall Wilbur: trni; Dorsey Tommy: trni; Dorsey Jimmy: sax; Mayhew Nye: sax; Strickfadem Charles: sax; Trumbauer Frankie: sax; Hazlett Chet: sax; McLean Hal: sax; Dieterle Kurt: viol; Russell Mischa: viol; Malneck Matty: viol; Perry Mario: viol; Perella Harry: p; Pingitore Mike: bjo; Brown Steve: cb, tuba; Trafficante Mike: cb, tuba; McDonald Hal: batt; Crosby Bing: voce; Fulton John: voce; Gaylord Charles: voce; Barris Harry: voce; Rinker Al: voce; Challis Bill: arr; Paul Whiteman and his Orchestra
511 _aMargulis Charles: tr; Beiderbecke Bix: corn; Rank Bill: trne; Hazlet Chet: sax; Mayer Red: sax; Trumbauer Frankie: sax; Friedman Irving: sax; Strickfaden Charles: sax; Dieterle Kurt: viol; Russell Mischa: viol; Malneck Matty: viol; Barris Harry: p; Pingitore Mike: bjo; Leibrook Min: tuba; McDonald Hal: batt; Crosby Bing: voce; Rinker Al: voce; Gaylord Charles: voce; Young Austin: voce; Fulton Jack: voce; Malneck Matty: arr; Paul Whiteman and his Orchestra
511 _aLodwig Ray: tr; Beiderbecke Bix: corn; Cullen Boyce: trne; Goodman Benny: cl, alto; Dorsey Jimmy: sax; Russell Pee Wee: sax; Freeman Bud: sax; Brosky Irving: p; Leibrook Min: cb; Krupa Gene: batt; Vaughan Wes: voce; Bix Beiderbecke and his Orchestra
650 _aJAZZ [DISCHI]
_eCodice MATERIA SPICS: 9950
_914075
700 _aBeiderbecke Bix
_gCodice interprete SPICS: 11520
_eInterprete
_914076
700 _aDavis Charlie
_gCodice autore musica SPICS: 27895
_eAutore musica
_pCopenhagen
_914077
700 _aCarmichael Hoagy
_gCodice autore musica SPICS: 10736
_eAutore musica
_pRiverboat Shuffle
_914078
700 _aBeiderbecke Bix
_gCodice autore musica SPICS: 11520
_eAutore musica
_pDavenport Blues - In the Dark - In a Mist - For No Reason At All In C
_914079
700 _aLa Rocca Nick
_gCodice autore musica SPICS: 16322
_eAutore musica
_pAt the Jazz Band Ball
_914080
700 _aShields Larry
_gCodice autore SPICS: 16321
_eAutore
_pAt the Jazz Band Ball
_914081
700 _aDelaney Tom
_gCodice autore musica SPICS: 18861
_eAutore musica
_pJazz Me Blues
_914082
700 _aHeywood
_gCodice autore musica SPICS: 14388
_eAutore musica
_pI'm Coming Virginia
_914083
700 _aRobinson
_gCodice autore musica SPICS: 19976
_eAutore musica
_pSingin' the Blues
_914084
700 _aConrad
_gCodice autore SPICS: 19975
_eAutore
_pSingin' the Blues
_914085
700 _aTrumbauer Frankie
_gCodice autore musica SPICS: 16345
_eAutore musica
_pFor No Reason At All In C - Crying All Day
_914086
700 _aDonaldson
_gCodice autore musica SPICS: 14426
_eAutore musica
_pChanges
_914087
700 _aBarris Harry
_gCodice autore musica SPICS: 18863
_eAutore musica
_pFrom Monday On
_914088
700 _aCrosby David
_gCodice autore SPICS: 18948
_eAutore
_pFrom Monday On
_914089
700 _aPinkard Maceo
_gCodice autore musica SPICS: 16174
_eAutore musica
_pI'll Be a Friend With Pleasure
_914090
942 _cMD
_2ddc